00634nam a2200217 a 4500001001300000003000900013005001700022008004100039020001000080082001700090100002600107245008100133260002500214300000900239500003500248505002800283650002400311650001800335650003700353700002600390nice12345678IN_TiNIC20260116013300.0050524s1998 dela grp 000 0 eng  ac15000a291.172bFER aFernando S J, Leonard aChristian Faith Meets Other Faithsb Origen`scontra Celsum and Its Revelance aDelhi bISPCK c1998 a261p aincludes index and biblioraphy2 aBibliography and Index. aInterfaith Dialogue aContra Celsum aChristianity and Other Religions1 aFernando S J, Leonard